000 00602nam a2200193Ia 4500
003 IN-BaIIA
008 211028s9999 xx 000 0 eng d
020 _a978-0-534-36581-3
040 _cIIA Library
080 _a531
_bMAT
100 _aMathew, George
_923481
245 0 _aSocratic physics
_bvol. I, a workbook approach to concepts of mechanics
_cGeorge Mathew and N. N. Mathew
260 _aUSA
_bBrooks-Cole
_c1999
300 _a[various pagings.]
650 _aMechanics
650 _aMotion
_95613
700 _aMathew, N. N
_923482
942 _cBK
999 _c13387
_d13387